Возникновение английского парламента: Из истории английского общества и государства XIII века

Podrobná bibliografie
Hlavní autor: Гутнова Е. В. Евгения Владимировна
Jazyk:ruština
Vydáno: Москва, Изд-во Моск. ун-та, 1960
Témata:
Médium: MixedMaterials Kniha
KOHA link:https://koha.lib.tpu.ru/cgi-bin/koha/opac-detail.pl?biblionumber=16926

MARC

LEADER 00000nam0a2200000 4500
001 16926
005 20231101205120.0
035 |a (RuTPU)RU\TPU\book\17055 
035 |a BOOK00001743 
090 |a 16926 
100 |a 20011209d1960 km y0rusy50 ca 
101 0 |a rus 
102 |a RU 
105 |a y z 000zy 
200 1 |a Возникновение английского парламента  |e Из истории английского общества и государства XIII века  |f Е. В. Гутнова 
210 |a Москва  |c Изд-во Моск. ун-та  |d 1960 
215 |a 580 с. 
606 1 |a Великобритания  |x История  |2 stltpush  |3 (RuTPU)RU\TPU\subj\67628  |9 83349 
610 1 |a Англия 
610 1 |a 13 век 
610 1 |a 14 век 
610 1 |a парламент английский 
686 |a Т3(4Вел)  |v LBC/SL-A  |2 rubbk 
700 1 |a Гутнова  |b Е. В.  |g Евгения Владимировна 
801 0 |a RU  |b 63413507  |c 20011209  |g PSBO 
801 2 |a RU  |b 63413507  |c 20130415  |g PSBO 
942 |c BK